000 00266nam a2200085Ia 4500
008 220204s9999 xx 000 0 und d
245 0 _aIndian Railway Standard Specification for vaccum brake fittings
260 _aLucknow
_bResearch Design Std. organization
942 _cBK
999 _c24082
_d24082